The language problem of Tamil Nad & its logical solution, (Record no. 87022)
[ view plain ]
| 000 -LEADER | |
|---|---|
| fixed length control field | 00721cam a2200217 4500 |
| 001 - CONTROL NUMBER | |
| control field | sa 68016316 |
| 003 - CONTROL NUMBER IDENTIFIER | |
| control field | DLC |
| 005 - DATE AND TIME OF LATEST TRANSACTION | |
| control field | 20260227112653.0 |
| 008 - FIXED-LENGTH DATA ELEMENTS--GENERAL INFORMATION | |
| fixed length control field | 700709s1967 ii 00010 eng |
| 010 ## - LIBRARY OF CONGRESS CONTROL NUMBER | |
| LC control number | sa 68016316 //r913 |
| 025 ## - OVERSEAS ACQUISITION NUMBER | |
| Overseas acquisition number | PL480:I-E-10249 |
| 040 ## - CATALOGING SOURCE | |
| Original cataloging agency | DLC |
| Transcribing agency | DLC |
| Modifying agency | DLC |
| 050 00 - LIBRARY OF CONGRESS CALL NUMBER | |
| Classification number | DS485.M28 |
| Item number | D44 |
| 100 10 - MAIN ENTRY--PERSONAL NAME | |
| Personal name | Tēvanēyan̲, Ñā. |
| Fuller form of name | (Ñānamuttan̲), |
| Dates associated with a name | 1902-1981. |
| 245 14 - TITLE STATEMENT | |
| Title | The language problem of Tamil Nad & its logical solution, |
| Statement of responsibility, etc. | by G. Devaneyan. |
| 260 0# - PUBLICATION, DISTRIBUTION, ETC. | |
| Place of publication, distribution, etc. | [Madras]; |
| Name of publisher, distributor, etc. | copies can be had of Mani, Katpadi Extension, North Arcot Dt. |
| Date of publication, distribution, etc. | [1967] |
| 300 ## - PHYSICAL DESCRIPTION | |
| Extent | 109 p. |
| Dimensions | 22 cm. |
| 350 ## - PRICE (NR) (BK AM CF MU VM SE) [OBSOLETE] | |
| Price | 2.00 |
| 651 #0 - SUBJECT ADDED ENTRY--GEOGRAPHIC NAME | |
| Geographic name | Tamil Nadu (India) |
| General subdivision | Languages. |
| 650 #0 - SUBJECT ADDED ENTRY--TOPICAL TERM | |
| Topical term or geographic name entry element | Language and languages |
| General subdivision | Political aspects. |
No items available.